| 000 | 00827nam a22002417a 4500 | ||
|---|---|---|---|
| 003 | 0 | ||
| 005 | 20260119090354.0 | ||
| 008 | 260119b xxu||||| |||| 00| 0 eng d | ||
| 020 | _a9789715189378 | ||
| 050 |
_aFIL 179.9 _bMum962 2021 |
||
| 082 |
_aFIL 179.9 _bMum962 2021 |
||
| 100 | _ade Bezenac, Agnes | ||
| 240 | _aMumunting aral sa buhay tungkol sa...kabutihang-loob | ||
| 245 |
_aLittle life lessons on...kindness _cAgnes de Bezenac and Salem de Bezenac |
||
| 260 |
_aManila : _bLampara Publishing House, Inc., _c2014. |
||
| 300 |
_a32 unnumbered pages : _bcolored illustrations ; _c21 cm. |
||
| 546 | _ain English; in Filipino | ||
| 650 | _aChildren's stories, Tagalog. | ||
| 650 |
_aKindness _vChildren's picture books. |
||
| 650 | _aBilingual books. | ||
| 700 |
_ade Bezenac, Salem, _eauthor. |
||
| 942 |
_2ddc _cBK |
||
| 999 |
_c368745 _d368745 |
||